Non-equilibrium soft matter physics (Record no. 752388)

MARC details
000 -LEADER
fixed length control field 00438nam a22001577a 4500
020 ## - INTERNATIONAL STANDARD BOOK NUMBER
ISBN 9789814360623
245 ## - TITLE STATEMENT
Title Non-equilibrium soft matter physics
260 ## - PUBLICATION, DISTRIBUTION, ETC. (IMPRINT)
Place of publication Singapore:
Name of publisher World Scientific,
Year of publication 2012.
300 ## - PHYSICAL DESCRIPTION
Number of Pages xii,422p.
490 ## - SERIES STATEMENT
Series statement Series in soft condensed matter Vol.4
650 ## - SUBJECT ADDED ENTRY--TOPICAL TERM
Topical Term States of matter
700 ## - ADDED ENTRY--PERSONAL NAME
Personal name Komura, Shigeyuki
700 ## - ADDED ENTRY--PERSONAL NAME
Personal name Ohta, Takao
942 ## - ADDED ENTRY ELEMENTS (KOHA)
Source of classification or shelving scheme Dewey Decimal Classification
Koha item type Book
Holdings
Withdrawn status Lost status Source of classification or shelving scheme Damaged status Not for loan Collection code Home Library Current Location Shelving location Date acquired Source of acquisition Cost, normal purchase price Full call number Accession Number Price effective from Koha item type
    Dewey Decimal Classification     Non-fiction Dept. of Physics Dept. of Physics General Stacks 24/10/2025 SBS-T/53 dt 02-12-2024 13294.75 530.41 KOM-N PHY9007 24/10/2025 Book